000 00506nam a2200169 i 4500
001 33349
003 ES-MaACL
005 20230906154736.0
007 t|
008 030202s1967 sp ||||1| spa d
100 1 _aBilbao, Carlos de.
_928861
245 1 0 _aDel corazón al viento... /
_cCarlos de Bilbao.
260 _aBilbao :
_bComunicación Literaria de Autores,
_c[1967]
300 _a54 p. ;
_c21 cm.
710 2 _aComunicación Literaria de Autores.
_93127
852 _aES-MaACL
_j2058-F-17
_bR.63263
999 _c33349
_d33349